<?xml version="1.0" encoding="UTF-8"?>
<record
    xmlns:xsi="http://www.w3.org/2001/XMLSchema-instance"
    xsi:schemaLocation="http://www.loc.gov/MARC21/slim http://www.loc.gov/standards/marcxml/schema/MARC21slim.xsd"
    xmlns="http://www.loc.gov/MARC21/slim">

  <leader>00863nam a22001937a 4500</leader>
  <controlfield tag="005">20250902160519.0</controlfield>
  <datafield tag="010" ind1=" " ind2=" ">
    <subfield code="a">HIN-130338</subfield>
  </datafield>
  <datafield tag="020" ind1=" " ind2=" ">
    <subfield code="c">330</subfield>
    <subfield code="a">9789352839995</subfield>
  </datafield>
  <datafield tag="035" ind1=" " ind2=" ">
    <subfield code="a">HN-102684</subfield>
  </datafield>
  <datafield tag="037" ind1=" " ind2=" ">
    <subfield code="b">DBAD</subfield>
  </datafield>
  <datafield tag="082" ind1=" " ind2=" ">
    <subfield code="a">425</subfield>
  </datafield>
  <datafield tag="100" ind1=" " ind2=" ">
    <subfield code="a">&#x905;&#x917;&#x94D;&#x930;&#x935;&#x93E;&#x932; &#x92E;&#x940;&#x928;&#x93E;&#x915;&#x94D;&#x937;&#x940; </subfield>
    <subfield code="9">84508</subfield>
  </datafield>
  <datafield tag="245" ind1=" " ind2=" ">
    <subfield code="a">&#x939;&#x93F;&#x928;&#x94D;&#x926;&#x940; &#x935;&#x94D;&#x92F;&#x93E;&#x915;&#x930;&#x923; &#x90F;&#x935;&#x902; &#x930;&#x91A;&#x928;&#x93E; /</subfield>
    <subfield code="c">&#x92E;&#x940;&#x928;&#x93E;&#x915;&#x94D;&#x937;&#x940; &#x905;&#x917;&#x94D;&#x930;&#x935;&#x93E;&#x932; </subfield>
  </datafield>
  <datafield tag="260" ind1=" " ind2=" ">
    <subfield code="b">&#x938;&#x902;&#x938;&#x94D;&#x915;&#x943;&#x924;&#x93F; &#x92A;&#x94D;&#x930;&#x915;&#x93E;&#x936;&#x928; </subfield>
    <subfield code="c">2024 </subfield>
    <subfield code="a">&#x928;&#x94B;&#x90F;&#x921;&#x93E;  &#x909;&#x924;&#x94D;&#x924;&#x930; &#x92A;&#x94D;&#x930;&#x926;&#x947;&#x936; </subfield>
  </datafield>
  <datafield tag="270" ind1=" " ind2=" ">
    <subfield code="a">&#x921;&#x940; -92 , &#x938;&#x947;&#x915;&#x94D;&#x91F;&#x930; 2 , &#x928;&#x94B;&#x90F;&#x921;&#x93E; </subfield>
    <subfield code="a">&#x909;&#x924;&#x94D;&#x924;&#x930; &#x92A;&#x94D;&#x930;&#x926;&#x947;&#x936; - 201301 </subfield>
  </datafield>
  <datafield tag="300" ind1=" " ind2=" ">
    <subfield code="a">162  &#x92A;&#x943;.;</subfield>
    <subfield code="c">27 &#x938;&#x947;&#x92E;&#x940; (&#x905;&#x91C;&#x93F;&#x932;&#x94D;&#x926;)</subfield>
  </datafield>
  <datafield tag="700" ind1=" " ind2=" ">
    <subfield code="a">&#x92E;&#x94B;&#x928;&#x93F;&#x915;&#x93E; &#x938;&#x93F;&#x902;&#x939; &#x92E;&#x94B;&#x939; </subfield>
    <subfield code="9">84491</subfield>
  </datafield>
  <datafield tag="942" ind1=" " ind2=" ">
    <subfield code="2">ddc</subfield>
    <subfield code="c">HN</subfield>
    <subfield code="h">425 </subfield>
    <subfield code="m">&#x905;&#x917;&#x94D;&#x930;&#x935;&#x93E; </subfield>
  </datafield>
  <datafield tag="999" ind1=" " ind2=" ">
    <subfield code="c">213255</subfield>
    <subfield code="d">213255</subfield>
  </datafield>
  <datafield tag="952" ind1=" " ind2=" ">
    <subfield code="0">0</subfield>
    <subfield code="1">0</subfield>
    <subfield code="4">0</subfield>
    <subfield code="7">1</subfield>
    <subfield code="8">NFIC</subfield>
    <subfield code="a">DBAD</subfield>
    <subfield code="b">DBAD</subfield>
    <subfield code="d">2025-09-02</subfield>
    <subfield code="e">DBAD</subfield>
    <subfield code="g">330.00</subfield>
    <subfield code="l">0</subfield>
    <subfield code="o">425  &#x905;&#x917;&#x94D;&#x930;&#x935;&#x93E; </subfield>
    <subfield code="p">HN-102684</subfield>
    <subfield code="r">2025-09-02 00:00:00</subfield>
    <subfield code="t">1 </subfield>
    <subfield code="v">330.00</subfield>
    <subfield code="w">2025-09-02</subfield>
    <subfield code="y">HN</subfield>
  </datafield>
</record>
